[Event "4th IECC"]
[Site "Istanbul TUR"]
[Date "2003.06.01"]
[Round "3"]
[White "Vaisser,A"]
[Black "Pelletier,Y"]
[Result "1/2-1/2"]
[WhiteElo "2563"]
[BlackElo "2623"]

1.Nf3 d5 2.c4 c6 3.e3 Nf6 4.Nc3 Bf5 5.d4 e6 6.Bd3 Bxd3 7.Qxd3 Nbd7 8.O-O Bb4
9.a3 Bxc3 10.Qxc3 O-O 11.b3 Ne4 12.Qc2 Rc8 13.Bb2 b5 14.cxb5 cxb5 15.Qd3 Qb6
16.Rfc1 Qb7 17.Ne1 a5 18.f3 Nd6 19.Bc3 Qb6 20.Qd2  1/2-1/2

[Event "4th IECC"]
[Site "Istanbul TUR"]
[Date "2003.06.01"]
[Round "3"]
[White "Halkias,S"]
[Black "Gurevich,M"]
[Result "0-1"]
[WhiteElo "2542"]
[BlackElo "2635"]

1.Nf3 d5 2.c4 c6 3.d4 e6 4.Nc3 dxc4 5.e3 b5 6.a4 b4 7.Nb1 Ba6 8.Be2 c5 9.O-O Nf6
10.Nbd2 c3 11.bxc3 bxc3 12.Nb1 cxd4 13.Nxd4 Bb4 14.Bb5+ Bxb5 15.axb5 O-O
16.Qb3 a5 17.Nxc3 e5 18.Nc2 Bxc3 19.Qxc3 Nbd7 20.Ba3 Re8 21.Rfd1 Qb6 22.Rab1 Rac8
23.Qb2 h6 24.Ne1 Qb7 25.Nf3 Nb6 26.Qa1 Nc4 27.Bb2 Rc5 28.Rbc1 Nd7 29.Nxe5 Ndxe5
30.Bxe5 Rexe5 31.Rxc4 Rg5  0-1

[Event "17th Open"]
[Site "Pula CRO"]
[Date "2003.06.01"]
[Round "1"]
[White "Horvath,Cs"]
[Black "Trtanj,T"]
[Result "1-0"]
[WhiteElo "2510"]
[BlackElo "2158"]

1.Nf3 d5 2.c4 e6 3.g3 Nf6 4.Bg2 Be7 5.b3 O-O 6.Bb2 Nbd7 7.O-O c6 8.d3 Re8
9.Qc2 Qc7 10.Nbd2 b6 11.cxd5 exd5 12.e4 dxe4 13.dxe4 Ba6 14.Nc4 Rad8 15.Rad1 Bc5
16.e5 Ng4 17.Qf5 Nxf2 18.Rxf2 Nxe5 19.Rxd8 Nxf3+ 20.Kh1 Qxd8 21.Rxf3 Re1+
22.Rf1 Rxf1+ 23.Qxf1  1-0

[Event "4th IECC"]
[Site "Istanbul TUR"]
[Date "2003.06.03"]
[Round "5"]
[White "Bischoff,K"]
[Black "Rytshagov,M"]
[Result "1/2-1/2"]
[WhiteElo "2564"]
[BlackElo "2491"]

1.Nf3 d5 2.c4 dxc4 3.e3 Nf6 4.Bxc4 e6 5.O-O c5 6.b3 b6 7.Bb2 Bb7 8.Ne5 Nbd7
9.f4 Bd6 10.a4 O-O 11.Na3 a6 12.Qe2 Nd5 13.Rf3 f5 14.Nxd7 Qxd7 15.Raf1  1/2-1/2

[Event "18th North Sea Cup B"]
[Site "Esbjerg DEN"]
[Date "2003.06.05"]
[Round "2"]
[White "Skytte,R"]
[Black "Bromann,T"]
[Result "1/2-1/2"]
[WhiteElo "2402"]
[BlackElo "2378"]

1.Nf3 d5 2.c4 d4 3.g3 Nc6 4.Bg2 e5 5.d3 Nf6 6.O-O a5 7.e3 Be7 8.exd4 exd4
9.Na3 O-O 10.Nb5 Ne8 11.Re1 Be6 12.Bf4 Bf6 13.Qe2  1/2-1/2

[Event "IEWCC"]
[Site "Istanbul TUR"]
[Date "2003.06.05"]
[Round "4"]
[White "Chasovnikova,E"]
[Black "Hlgatian,G"]
[Result "1-0"]
[WhiteElo "2319"]
[BlackElo "2216"]

1.Nf3 d5 2.c4 c6 3.b3 Nf6 4.Bb2 Bf5 5.e3 e6 6.Be2 h6 7.d3 Qa5+ 8.Nbd2 Ba3
9.Bxf6 gxf6 10.O-O Nd7 11.Qc2 O-O 12.Nd4 Bh7 13.f4 Rfe8 14.Rf3 b5 15.Rg3+ Kh8
16.Bh5 bxc4 17.Bxf7 e5 18.Ne6 Nc5 19.Qd1 Qc3 20.dxc4 Bc2 21.Qh5 Qxa1+ 22.Nf1 Nxe6
23.Qxh6+ Bh7 24.Qxf6+  1-0

[Event "4th IECC"]
[Site "Istanbul TUR"]
[Date "2003.06.06"]
[Round "7"]
[White "Malakhov,V"]
[Black "Dautov,R"]
[Result "1-0"]
[WhiteElo "2672"]
[BlackElo "2611"]

1.Nf3 d5 2.c4 c6 3.e3 Nf6 4.Nc3 a6 5.b3 Bf5 6.Be2 h6 7.O-O e6 8.Bb2 Bd6 9.d4 Nbd7
10.c5 Bc7 11.b4 O-O 12.a4 Qe7 13.b5 Ba5 14.Nd2 Bxc3 15.Bxc3 Ne4 16.Ba5 Nxd2
17.Qxd2 axb5 18.axb5 e5 19.Bc3 exd4 20.Qxd4 f6 21.Bb4 Qe5 22.b6 Rfe8 23.Ra7 Rab8
24.Bc3 Qxd4 25.Bxd4 Nf8 26.f3 Ne6 27.Kf2 Nxd4 28.exd4 Re7 29.Rfa1 Rbe8 30.Bf1 Kf7
31.Ra8 Rxa8 32.Rxa8 Re8 33.Ra7 Bc8 34.Bd3 h5 35.h4 g6 36.g4 Re7 37.Ra8 Re8
38.gxh5 gxh5 39.Kg3 Be6 40.Bg6+  1-0

[Event "IV Open"]
[Site "Lido Estensi ITA"]
[Date "2003.06.06"]
[Round "1"]
[White "Vassallo,M"]
[Black "Gallitto,S"]
[Result "1-0"]
[WhiteElo "2440"]
[BlackElo "2039"]

1.Nf3 d5 2.c4 e6 3.g3 Be7 4.Bg2 c6 5.Qc2 f5 6.O-O Nf6 7.b3 O-O 8.d4 Ne4 9.Bb2 Nd7
10.Nbd2 Ndf6 11.Ne5 Nxd2 12.Qxd2 Ne4 13.Qc2 Bd7 14.Rad1 Be8 15.f3 Nd6 16.c5 Nf7
17.Nd3 Nh6 18.Bc1 Bg5 19.Nf4 Bf7 20.Kh1 Kh8 21.e4 Re8 22.Rfe1 Qf6 23.h4 Bxf4
24.Bxf4 Bh5 25.exd5 exd5 26.Qd2 Nf7 27.Bg5 Qg6 28.Qf4 Nxg5 29.hxg5 h6 30.g4 fxg4
31.fxg4 Qf7 32.Qg3 Bg6 33.gxh6 gxh6 34.Rf1 Qg7 35.Qh4 Be4 36.Rf6 Kh7 37.Rdf1 Bxg2+
38.Kxg2 Rf8 39.g5 Rxf6 40.Rxf6 Qxg5+ 41.Qxg5 hxg5 42.Rf7+ Kg6 43.Rxb7 Kf5
44.Re7 a5 45.Kf3 a4 46.Rf7+ Kg6 47.Rc7 axb3 48.Rxc6+ Kf5 49.axb3 g4+ 50.Kg3 Ke4
51.b4 Ra3+ 52.Kxg4 Rb3 53.Rb6 Kxd4 54.c6 Rc3 55.b5 Ke5 56.Rb8 d4 57.b6 d3
58.Re8+ Kf6 59.b7 Rc4+ 60.Kf3 Rd4 61.b8=Q  1-0

[Event "4th IECC"]
[Site "Istanbul TUR"]
[Date "2003.06.07"]
[Round "8"]
[White "Bischoff,K"]
[Black "Mastrovasilis,A"]
[Result "0-1"]
[WhiteElo "2564"]
[BlackElo "2487"]

1.Nf3 d5 2.c4 e6 3.d4 Nf6 4.Nc3 Nbd7 5.Bg5 h6 6.Bh4 dxc4 7.e3 a6 8.a4 c5
9.Bxc4 cxd4 10.exd4 Nb6 11.Bb3 Be7 12.O-O O-O 13.Re1 Bd7 14.Qd3 Bc6 15.Ne5 Nbd5
16.Bg3 Rc8 17.Rac1 Nb4 18.Qe2 Bd5 19.Nxd5 Nfxd5 20.Nxf7 Rxf7 21.Qxe6 Rc6
22.Rxc6 bxc6 23.Rc1 Bf8 24.Rxc6 Nxc6 25.Qxc6 Rd7 26.Qxa6 Kh8 27.Be5 Bd6 28.g3 Nb4
29.Qb5 Re7 30.a5 Bxe5 31.dxe5 Nd3 32.e6 Rc7 33.Qf5 Rc8 34.e7 Rc1+ 35.Kg2 Ne1+
36.Kh3 Qxe7 37.a6 Rc5 38.Qf4 Qd7+ 39.g4 Qd3+  0-1

[Event "FSGM June"]
[Site "Budapest HUN"]
[Date "2003.06.08"]
[Round "2"]
[White "Kraai,J"]
[Black "Jakab,A"]
[Result "1/2-1/2"]
[WhiteElo "2454"]
[BlackElo "2388"]

1.Nf3 d5 2.c4 c6 3.e3 Nf6 4.Nc3 Bg4 5.h3 Bxf3 6.Qxf3 e6 7.d4 Bb4 8.Bd3 O-O
9.O-O Nbd7 10.a3 Be7 11.Rd1 Qc7 12.Bd2 Rfd8 13.Rac1 Nb6 14.cxd5 exd5 15.Ne2 Nc8
16.Nf4 Qd7 17.Nh5 Nxh5 18.Qxh5 g6 19.Qg4 f5 20.Qf4 Nd6 21.Bb4 Ne4 22.Bxe7 Qxe7
23.f3 Nf6 24.Qg5 Re8 25.Re1 Qg7 26.g4 h6 27.Qh4 g5 28.Qg3 Rxe3 29.Bxf5 Rae8
30.Qf2 Qe7 31.Kf1 Kf7 32.Rxe3 Qxe3 33.Qxe3 Rxe3 34.Rc3 Rxc3 35.bxc3 Ne8 36.Kf2 Nd6
37.Bd3 b6 38.Ke3 c5 39.dxc5 bxc5 40.Ba6 Ne8 41.f4 Nc7 42.Bb7 Ke6 43.a4 Kd6
44.Bc8 Ne8 45.Kf3 Nf6 46.Bf5 a5 47.Kg3 Ne8 48.h4 gxh4+ 49.Kxh4 Ng7 50.Bc8 c4
51.Bb7 d4 52.cxd4 c3 53.Be4 Ne6 54.Kh5 Nxd4 55.Kxh6 c2 56.Bxc2 Nxc2 57.g5 Nd4
58.g6 Ke6 59.g7 Nf5+ 60.Kh7 Nxg7 61.Kxg7  1/2-1/2

[Event "IV Open"]
[Site "Lido Estensi ITA"]
[Date "2003.06.09"]
[Round "3"]
[White "Zichichi,A"]
[Black "Opacic,A"]
[Result "1/2-1/2"]
[WhiteElo "2280"]
[BlackElo "2063"]

1.Nf3 d5 2.c4 e6 3.g3 Nf6 4.Bg2 c5 5.cxd5 exd5 6.d4 Nc6 7.O-O Be7 8.Nc3 O-O
9.Bg5 h6 10.Bxf6 Bxf6 11.dxc5 Bxc3 12.bxc3 Qa5 13.Qxd5 Be6 14.Qd2 Rad8 15.Qb2 Qxc5
16.Rfd1 Rxd1+ 17.Rxd1 Bc4 18.Rd2 b6 19.Nd4 Ne5 20.h3 Rc8 21.Rc2 Rd8 22.Kh2 Bd5
23.e4 Bc4 24.Rd2 Ba6 25.Nb3 Qc7 26.Rxd8+ Qxd8 27.Qd2 Qc7 28.f4 Nc4 29.Qd4 Bb7
30.Nd2 Nxd2 31.Qxd2 Qc4 32.e5 Bxg2 33.Kxg2 g6 34.g4 Qe4+ 35.Kf2 Kh7 36.a3 g5
37.fxg5 Qxe5 38.gxh6 Qh2+ 39.Ke1 Qh1+ 40.Ke2 Qxh3 41.g5 Qg4+ 42.Kd3 Qf5+
43.Kc4 Qc5+ 44.Kb3 Qb5+ 45.Ka2 Qc4+ 46.Ka1 Qf1+ 47.Kb2 Qb5+ 48.Kc2 Qa4+  1/2-1/2

[Event "FSGM June"]
[Site "Budapest HUN"]
[Date "2003.06.10"]
[Round "4"]
[White "Kraai,J"]
[Black "Blauert,J"]
[Result "1-0"]
[WhiteElo "2454"]
[BlackElo "2364"]

1.Nf3 d5 2.c4 e6 3.cxd5 exd5 4.g3 Nf6 5.Bg2 Be7 6.O-O O-O 7.d4 Bf5 8.Qb3 Nc6
9.Nc3 Na5 10.Qd1 Ne4 11.Nd2 Nf6 12.b3 c5 13.dxc5 Bxc5 14.Na4 Bd4 15.Bb2 Bxb2
16.Nxb2 Qe7 17.Nf3 Nc6 18.e3 Be4 19.Qe2 Rac8 20.Rfd1 Qa3 21.Na4 Nb4 22.Nd4 Nc2
23.Nb5 Qb4 24.Rac1 Bxg2 25.Kxg2 a6 26.Nbc3 b5 27.Qxc2 bxa4 28.Nxd5 Rxc2 29.Nxb4 Rb2
30.Rb1 Rxb1 31.Rxb1 axb3 32.Rxb3 a5 33.Nc6 a4 34.Rb7 Ra8 35.Kf3 g6 36.e4 Ra6
37.Nd8 Rd6 38.Nxf7 Rd3+ 39.Kf4 Nh5+ 40.Kg5 Rd2 41.Nh6+ Kf8 42.Ng4 Rxa2 43.Rxh7 a3
44.Kxg6 Rb2 45.Rxh5 a2 46.Ra5  1-0

[Event "5th ZNG111 GM"]
[Site "Opatija CRO"]
[Date "2003.06.10"]
[Round "3"]
[White "Savanovic,A"]
[Black "Jurkovic,H"]
[Result "1-0"]
[WhiteElo "2386"]
[BlackElo "2401"]

1.Nf3 d5 2.c4 e6 3.b3 Nf6 4.g3 Be7 5.Bg2 O-O 6.O-O b6 7.Bb2 Bb7 8.Nc3 Nbd7
9.e3 c5 10.Qe2 Qc7 11.Rac1 Rac8 12.cxd5 exd5 13.d4 Rfe8 14.Rfd1 a6 15.Ne5 cxd4
16.Nxd5 Qxe5 17.Nxe7+ Qxe7 18.Bxb7 Rxc1 19.Rxc1 dxe3 20.Bxa6 exf2+ 21.Qxf2 Ne4
22.Qd4 Ndf6 23.Qxb6 Ng4 24.Qd4 Qg5 25.Rc8 Rxc8 26.Bxc8 h5 27.Qxe4  1-0

[Event "FSGM June"]
[Site "Budapest HUN"]
[Date "2003.06.12"]
[Round "6"]
[White "Kraai,J"]
[Black "Galyas,M"]
[Result "1/2-1/2"]
[WhiteElo "2454"]
[BlackElo "2413"]

1.Nf3 d5 2.c4 d4 3.g3 Nc6 4.Bg2 e5 5.O-O Nf6 6.d3 a5 7.e3 dxe3 8.Bxe3 Be7
9.Nc3 O-O 10.Qb3 Nd4 11.Bxd4 exd4 12.Nd5 Bc5 13.Qb5 Nd7 14.Qa4 c6 15.Nf4 Bd6
16.Ne2 c5 17.Rfe1 Qc7 18.Qc2 Nf6 19.Qd2 Bd7 20.Kh1 Rae8 21.Neg1 h6 22.Rxe8 Rxe8
23.Re1 Rxe1 24.Nxe1 b5 25.cxb5 Bxb5 26.Nc2 Ng4 27.Na3 Bxd3 28.h3 Ne5 29.f4 c4
30.fxe5 Bxa3 31.bxa3 Qb6 32.Ne2 Bxe2 33.Qxe2 d3 34.Qg4 Qd8 35.Qxc4 d2 36.Bf3 d1=Q+
37.Bxd1 Qxd1+ 38.Kg2 Qd2+  1/2-1/2

[Event "IHEM"]
[Site "Hamburg GER"]
[Date "2003.06.12"]
[Round "6"]
[White "Vokac,M"]
[Black "Berkes,F"]
[Result "1/2-1/2"]
[WhiteElo "2484"]
[BlackElo "2578"]

1.Nf3 d5 2.c4 c6 3.d4 Nf6 4.Qc2 g6 5.Bf4 Bg7 6.e3 O-O 7.Nc3 a6 8.Be2 Bg4
9.cxd5 Nxd5 10.Nxd5 cxd5 11.h3 Bf5 12.Qd2 Nc6 13.O-O Qd7 14.Rfc1 Rfc8 15.Rc3 f6
16.Rac1 e5 17.Bg3 e4 18.Ne1 Bf8 19.a3 Bd6 20.Bxd6 Qxd6 21.Nc2 Ne7 22.Na1 Rxc3
23.Rxc3 Bd7 24.Nb3 b6 25.Qc1 a5 26.Nd2 Kg7 27.Kh1 g5 28.Qg1 f5 29.f3 Rc8
30.Rxc8 Bxc8 31.fxe4 fxe4 32.Qh2 Nf5 33.Qxd6 Nxd6 34.Kg1 Bd7 35.Kf2 Bb5 36.Bxb5 Nxb5
37.Nb1 Kf6 38.a4 Nd6 39.Nc3 Ke6 40.b3 h5 41.Nb5 Nf5 42.Nc7+ Kd6 43.Ne8+ Ke7  1/2-1/2

[Event "IHEM"]
[Site "Hamburg GER"]
[Date "2003.06.12"]
[Round "6"]
[White "Pajeken,W"]
[Black "Haba,P"]
[Result "0-1"]
[WhiteElo "2321"]
[BlackElo "2514"]

1.Nf3 d5 2.c4 c6 3.d4 e6 4.Nbd2 Nf6 5.g3 Nbd7 6.Bg2 b6 7.O-O Bb7 8.b3 Be7
9.Bb2 O-O 10.Qc2 c5 11.dxc5 Nxc5 12.Rfd1 Qc8 13.Rac1 dxc4 14.Nxc4 Be4 15.Qc3 Rd8
16.Rxd8+ Qxd8 17.Qe1 Ne8 18.Be5 Qd7 19.Rd1 Qb7 20.Qd2 f6 21.Bb2 Qa6 22.Ra1 Rd8
23.Qe1 Nc7 24.Ncd2 Ba8 25.Nb1 Nd5 26.Nc3 Nxc3 27.Bxc3 Ne4 28.Bb2 e5 29.a3 Qb5
30.b4 a5 31.Rb1 axb4 32.axb4 Qxb4 33.Qxb4 Bxb4 34.Bxe5 Bc5 35.Bc7 Rc8 36.Bf4 Nxf2
37.Kf1 Ng4 38.Bh3 h5 39.Nd2 g5 40.Bxg5 fxg5 41.Nf3 Ne3+  0-1

[Event "IEWCC"]
[Site "Istanbul TUR"]
[Date "2003.06.13"]
[Round "10"]
[White "Chasovnikova,E"]
[Black "Milliet,S"]
[Result "1/2-1/2"]
[WhiteElo "2319"]
[BlackElo "2240"]

1.Nf3 d5 2.c4 e6 3.d4 Nf6 4.Nc3 Be7 5.Bg5 O-O 6.e3 h6 7.Bh4 b6 8.Rc1 Bb7
9.cxd5 Nxd5 10.Bxe7 Qxe7 11.Nxd5 Bxd5 12.a3 c5 13.dxc5 Rd8 14.cxb6 axb6 15.Qc2 Ra5
16.Be2 Rc5 17.Qb1 Be4 18.Qa1 Nd7 19.O-O Rf5 20.Nd4 Qg5 21.g3 Rd5 22.b4 Nf6
23.f4 Qg6 24.Nc6 R8d7 25.Ne5 Rxe5 26.Qxe5 Rd2 27.Rfe1 Bd5 28.Rcd1 Qc2 29.Rc1 Qa2
30.Ra1 Qc2 31.Rac1 Qa2 32.Ra1 Qc2 33.Rac1  1/2-1/2

[Event "IV Open"]
[Site "Lido Estensi ITA"]
[Date "2003.06.13"]
[Round "7"]
[White "Wohl,A"]
[Black "Alberti,A"]
[Result "1-0"]
[WhiteElo "2401"]
[BlackElo "2174"]

1.Nf3 d5 2.c4 c6 3.b3 Bf5 4.Bb2 e6 5.g3 Nf6 6.Bg2 h6 7.O-O Be7 8.d3 O-O 9.Na3 a5
10.cxd5 exd5 11.Nc2 Re8 12.a3 Bd6 13.Bc3 Nbd7 14.b4 axb4 15.axb4 Ne5 16.Nfd4 Bd7
17.Nb3 Qe7 18.Qd2 Rad8 19.Bd4 Ng6 20.Rfe1 Nf8 21.Ra7 Bc8 22.Na5 Rd7 23.Qc3 Ne6
24.Bxf6 Qxf6 25.Qxf6 gxf6 26.b5 Bc5 27.bxc6 bxc6 28.Ra8 Rc7 29.Rb1 Bd7 30.Rxe8+ Bxe8
31.Rb8 Kf8 32.e3 Ke7 33.d4 Ba7 34.Ra8 c5 35.dxc5 Bxc5 36.Bxd5 Bd6 37.Nb4 Rc1+
38.Kg2 Nc7 39.Nb3 Nxa8 40.Nxc1 Nc7 41.Bf3 Bd7 42.Ne2 Kf8 43.Nd4 Ne6 44.Nbc2 Nxd4
45.Nxd4 Kg7 46.g4 Bc5 47.h3 Bb4 48.Be4 Be6 49.Ne2 Bd6 50.f4 Be7 51.Ng3 Bd8
52.Kf3 Kg8 53.Bc6 Kf8 54.Ke4 Kg7 55.Bd5 Bd7 56.Kd3 Bb5+ 57.Kd4 Bd7 58.Kc5 Be7+
59.Kb6 Bd8+ 60.Kb7 Be6 61.Bxe6 fxe6 62.Kc6 Kf7 63.f5 exf5 64.gxf5 Ba5 65.Kd7 Bd2
66.e4 Bc3 67.Nf1 Bd4 68.Nd2 Bc3 69.Nc4 Bd4 70.Nd6+ Kg7 71.Ke6 Kf8 72.Nc4 Bc3
73.Ne3 Kg7 74.Nd5 Bd4 75.Nf4  1-0

[Event "IHEM"]
[Site "Hamburg GER"]
[Date "2003.06.15"]
[Round "9"]
[White "Levin,F"]
[Black "Berkes,F"]
[Result "0-1"]
[WhiteElo "2519"]
[BlackElo "2578"]

1.Nf3 d5 2.c4 c6 3.e3 Nf6 4.Qc2 g6 5.b3 Bg7 6.Bb2 O-O 7.Be2 Bg4 8.d3 Re8
9.Nbd2 Nbd7 10.h3 Bxf3 11.Nxf3 e5 12.O-O e4 13.dxe4 dxe4 14.Nd2 Qe7 15.a3 h5
16.Rac1 b6 17.c5 Qxc5 18.Qb1 Qd6 19.Rfd1 Qe6 20.b4 Rad8 21.Qc2 Nb8 22.Bc4 Qe7
23.Ba2 Nd5 24.Bxg7 Kxg7 25.Nb3 Nf6 26.Nd4 Rd6 27.Qb3 Red8 28.Rd2 h4 29.Rdc2 Rc8
30.Rc4 Kg8 31.R4c2 Kf8 32.Qa4 Qd7 33.Rc3 Kg7 34.Qb3 Qe7 35.Qb2 Qe5 36.Qc2 Qe8
37.Rc4 Qe5 38.Qb3 Rc7 39.a4 Kh6 40.Nb5 Rd3 41.Qc2 Rcd7 42.Nd4 a5 43.bxa5 c5
44.Nb3 Nc6 45.Qb1 Nb4 46.Rf1 Nfd5 47.axb6 Nc3 48.Qb2 Nbxa2 49.Nxc5 Rd2 50.Qb3 Rd1
51.Qxd1 Rxd1 52.Rxd1 Nxd1 53.b7 Qb2 54.Rc2  0-1

[Event "IHEM"]
[Site "Hamburg GER"]
[Date "2003.06.15"]
[Round "9"]
[White "Schuetze,M"]
[Black "Schulz,HJ"]
[Result "1/2-1/2"]
[WhiteElo "2182"]
[BlackElo "2099"]

1.Nf3 d5 2.c4 e6 3.g3 c5 4.Bg2 Nf6 5.O-O d4 6.e3 Nc6 7.exd4 cxd4 8.d3 h6
9.a3 a5 10.Nbd2 Be7 11.Re1 O-O 12.Ne5 Nxe5 13.Rxe5 Bd6 14.Re1 e5 15.Ne4 Nxe4
16.Bxe4 Rb8 17.Qh5 f5 18.Bd5+ Kh7 19.b4 axb4 20.axb4 Bxb4 21.Rxe5 Bd6 22.Re2 Bd7
23.Bd2  1/2-1/2

[Event "TCh-NED Playoff"]
[Site "Enschede NED"]
[Date "2003.06.22"]
[Round "2"]
[White "Chuchelov,V"]
[Black "De Vreugt,D"]
[Result "1/2-1/2"]
[WhiteElo "2592"]
[BlackElo "2503"]

1.Nf3 d5 2.c4 c6 3.e3 Nf6 4.Nc3 a6 5.d4 b5 6.b3 Bg4 7.Be2 e6 8.h3 Bh5 9.O-O Nbd7
10.Bb2 Bd6 11.Ne5 Bxe2 12.Nxe2 Rc8 13.Nf4 O-O 14.Rc1 Ne4 15.Qe2 Qe7 16.Rc2 f6
17.Nxd7 Qxd7 18.Qg4 f5 19.Qd1 Bxf4 20.exf4 dxc4 21.bxc4 Rfd8 22.a4 Nd6 23.cxb5 cxb5
24.axb5 axb5 25.Rxc8 Rxc8 26.Qd3 Nc4 27.Bc3 Nb6 28.Rb1 Nd5 29.Bd2 Rb8 30.g3 Qc6
31.Rc1 Qb6 32.Rc5 b4 33.Qb3 h6 34.Bc1 Qa6 35.Kg2 Qe2 36.Bb2 Ra8 37.Rc1 Qa6
38.Ra1 Qb7 39.Rxa8+ Qxa8 40.Kf1 Qa6+ 41.Ke1 Kf7 42.h4 Ke7 43.Kd2 h5 44.Qd3 Qa2
45.Kc1 Qa5 46.Kc2 Qa4+ 47.Qb3 Qa6 48.Qd3 Qa4+ 49.Qb3 Qc6+ 50.Kd3 Kd7 51.Qc4 Qa4
52.Kd2 Nb6 53.Qc5 Qb3 54.Qxb6 Qxb2+ 55.Kd1 Qc3 56.Qb5+ Ke7 57.Qb7+ Kf6 58.Qd7 Qd3+
59.Ke1 Qe4+ 60.Kd2 Qa8 61.Qd6 b3 62.Kc3 Qf3+ 63.Kb2 Kf7  1/2-1/2

[Event "TCh-BIH"]
[Site "Jahorina BIH"]
[Date "2003.06.22"]
[Round "2"]
[White "Blagojevic,D"]
[Black "Savanovic,A"]
[Result "1-0"]
[WhiteElo "2548"]
[BlackElo "2386"]

1.Nf3 d5 2.c4 e6 3.g3 Nf6 4.Bg2 d4 5.O-O c5 6.e3 Nc6 7.d3 Be7 8.exd4 cxd4
9.Na3 O-O 10.Nc2 a5 11.Re1 Ne8 12.a3 f6 13.Rb1 Nc7 14.b4 axb4 15.axb4 e5
16.b5 Nb8 17.Nd2 Nd7 18.Nb3 Nc5 19.Nxc5 Bxc5 20.f4 exf4 21.Bxf4 Ra2 22.Ra1 Rxa1
23.Nxa1 Kh8 24.Nb3 Bb4 25.Bd2 Bd6 26.Qf3 b6 27.Kh1 Ne6 28.Qd5 Be5 29.Bb4 Re8
30.Qxd8 Rxd8 31.c5 bxc5 32.Nxc5 Nxc5 33.Bxc5 Bf5 34.b6 Bxd3 35.b7 Bc4 36.Bb6 Rg8
37.Rc1 Be6 38.Bc7 Bxc7 39.Rxc7 d3 40.Rc6 Bf5 41.Kg1 Rb8 42.Rc5 g6 43.Kf2 Kg7
44.Ra5 d2 45.Ke2 Rd8 46.Rd5 Rb8 47.Rxd2 h5 48.Kf2 Kh6 49.Rd6 h4 50.Rxf6 hxg3+
51.hxg3 Bd3 52.Ke3 Kg5 53.Rc6 Bf5 54.Rc4 Bd7 55.Bf3 Kf6 56.Kd4 Ke7 57.Ke5 g5
58.Rc7  1-0

[Event "LXVII ch-CRC"]
[Site "Cenfotec CRC"]
[Date "2003.06.23"]
[Round "9"]
[White "Valdes,Le"]
[Black "Charpentier,W"]
[Result "1-0"]
[WhiteElo "2404"]
[BlackElo "2210"]

1.Nf3 d5 2.c4 e6 3.b3 Nf6 4.Bb2 c5 5.g3 Nc6 6.Bg2 d4 7.O-O e5 8.e3 Bg4 9.h3 Bh5
10.g4 Bg6 11.exd4 exd4 12.Re1+ Be7 13.Ne5 Nxe5 14.Rxe5 Nd7 15.Re1 Rb8 16.Qe2 h5
17.d3 hxg4 18.hxg4 Kf8 19.Nd2 Bd6 20.Nf3 Qc7 21.Rad1 f6 22.b4 b6 23.bxc5 bxc5
24.Ba3 Re8 25.Qd2 Rxe1+ 26.Rxe1 Bf4 27.Qe2 Bh2+ 28.Kf1 Be5 29.Nxd4 Bxd4 30.Qe7+ Kg8
31.Bd5+ Kh7 32.Kg2 Bxd3 33.Rh1+ Kg6 34.Qf7+  1-0

[Event "zt 3.2a"]
[Site "Ho Chi Minh City VIE"]
[Date "2003.06.23"]
[Round "4"]
[White "Villamayor,B"]
[Black "Ngo,N"]
[Result "1-0"]
[WhiteElo "2484"]
[BlackElo "2325"]

1.Nf3 d5 2.c4 c6 3.d4 Nf6 4.e3 Bf5 5.cxd5 cxd5 6.Qb3 Qc7 7.Nc3 e6 8.Bd2 Nc6
9.Rc1 Be7 10.Bb5 O-O 11.Na4 Ne4 12.h3 Rfc8 13.O-O Rab8 14.a3 a6 15.Bxc6 bxc6
16.Qd1 Qb7 17.b4 f6 18.Nh4 Bg6 19.Nxg6 hxg6 20.Be1 Qc7 21.Qd3 Kf7 22.f3 Ng3
23.Rf2 e5 24.Nc3 Qd6 25.Rfc2 exd4 26.Nxd5 Nf5 27.e4 Bd8 28.exf5 Qxd5 29.fxg6+ Kf8
30.Bg3 Rb5 31.Rc5 Qd7 32.Qe4 d3 33.Qc4 Bb6 34.Bd6+  1-0

[Event "2nd NAO GM"]
[Site "Paris FRA"]
[Date "2003.06.23"]
[Round "4"]
[White "Horvath,Jo"]
[Black "Brochet,P"]
[Result "1-0"]
[WhiteElo "2507"]
[BlackElo "2392"]

1.Nf3 d5 2.c4 e6 3.d4 Nf6 4.e3 dxc4 5.Bxc4 a6 6.Qe2 c5 7.dxc5 Bxc5 8.e4 b5
9.Bd3 Nc6 10.Nc3 e5 11.h3 Be6 12.O-O Nh5 13.Be3 Bxe3 14.Qxe3 Nf4 15.Rfd1 Qf6
16.Qc5 Rc8 17.Nxb5 axb5 18.Bxb5 Nxh3+ 19.Kf1 Bd7 20.Rxd7 Kxd7 21.Nxe5+ Kc7
22.Rc1 Qxf2+ 23.Qxf2 Nxf2 24.Rxc6+ Kb8 25.Kxf2 Rxc6 26.Nxc6+ Kc7 27.a4 h5
28.a5 Rh6 29.Ne7 Rf6+ 30.Ke3 Kb8 31.b4 g5 32.Be2 Re6 33.Nf5 h4 34.b5  1-0

[Event "TCh-BIH"]
[Site "Jahorina BIH"]
[Date "2003.06.24"]
[Round "5"]
[White "Savanovic,A"]
[Black "Varga,Zo"]
[Result "0-1"]
[WhiteElo "2386"]
[BlackElo "2533"]

1.Nf3 d5 2.c4 d4 3.b4 a5 4.b5 g6 5.Bb2 Bg7 6.e3 e5 7.exd4 exd4 8.d3 Ne7 9.g3 c5
10.bxc6 Nexc6 11.Qe2+ Be6 12.Bh3 O-O 13.Bxe6 Re8 14.O-O Rxe6 15.Qd1 Qb6 16.Bc1 Na6
17.Na3 Nc5 18.Rb1 Qd8 19.Rb5 b6 20.Nc2 h6 21.Ba3 Bf8 22.Qa1 Re2 23.Qd1 Re8
24.Qa1 Nxd3 25.Bxf8 Rxf8 26.Ncxd4 Qc7 27.Qc3 Nc5 28.Qe3 Nxd4 29.Nxd4 Kg7
30.Nb3 Rfe8 31.Qf3 Ne4 32.Rc1 a4 33.Nd4 Rad8 34.Nc2 Rd2 35.Rbb1 Qxc4 36.Ne3 Qxa2
37.Nd1 Ng5 38.Qg4 Re1+  0-1

[Event "TCh-BIH"]
[Site "Jahorina BIH"]
[Date "2003.06.27"]
[Round "9"]
[White "Privalov,Y"]
[Black "Savanovic,A"]
[Result "1/2-1/2"]
[WhiteElo "2400"]
[BlackElo "2386"]

1.Nf3 d5 2.c4 e6 3.e3 Nf6 4.d4 Be7 5.Bd3 O-O 6.O-O b6 7.Nbd2 Bb7 8.b3 c5
9.Bb2 cxd4 10.exd4 Nc6 11.Rc1 Rc8 12.Qe2 Re8 13.Rfd1 Bf8 14.Bb1 g6 15.Nf1 dxc4
16.bxc4 Bg7 17.Ne3 Rc7 18.Bc3 Ne7 19.d5 exd5 20.Qb2 Nh5 21.Bxg7 Nxg7 22.Ng4 Kh8
23.Nf6 Rf8 24.Ng5 Ng8 25.Ngxh7 Nxf6 26.Nxf6 d4 27.Qxd4 Qxd4 28.Rxd4 Ne6 29.Rd2 Rfc8
30.f3 Kg7 31.Ng4 Rxc4 32.Rcd1 Rc1  1/2-1/2

[Event "zt 3.2a"]
[Site "Ho Chi Minh City VIE"]
[Date "2003.06.29"]
[Round "9"]
[White "Chan Peng Kong"]
[Black "Yeo Min Yang,E"]
[Result "1-0"]
[WhiteElo "2349"]
[BlackElo "2173"]

1.Nf3 d5 2.c4 dxc4 3.Na3 a6 4.Nxc4 b5 5.Ne3 Bb7 6.d4 e6 7.a4 Nd7 8.Nc2 c5
9.e3 Qb6 10.Be2 Ngf6 11.O-O Rd8 12.axb5 axb5 13.Bd2 b4 14.Qe1 Nd5 15.e4 Nc7
16.dxc5 Nxc5 17.Be3 b3 18.Na3 Bxe4 19.Nc4 Qb8 20.Qa5 Nb7 21.Qa4+ Ke7 22.Qxb3 Nd5
23.Qa3+ Ke8 24.Qa4+ Ke7 25.Nce5 Nf6 26.Qb4+ Nd6 27.Ra7+ Qb7 28.Rxb7+ Bxb7
29.Bc5 Bd5 30.Ng5 Ke8 31.Qa4+ Nd7 32.Bb6  1-0

[Event "4th Open"]
[Site "Marseille FRA"]
[Date "2003.06.30"]
[Round "3"]
[White "Petrosian,S"]
[Black "Flear,G"]
[Result "1-0"]
[WhiteElo "2424"]
[BlackElo "2509"]

1.Nf3 d5 2.c4 d4 3.g3 g6 4.Bg2 Bg7 5.O-O e5 6.d3 Ne7 7.b4 O-O 8.Nbd2 Na6
9.Rb1 Rb8 10.Qa4 b5 11.cxb5 Qe8 12.Nc4 Nd5 13.Bd2 Rxb5 14.Rfc1 e4 15.dxe4 Nc3
16.Bxc3 dxc3 17.Ne1 Be6 18.Ne3 Rb6 19.Qa5 Qb5 20.Qxb5 Rxb5 21.Nd3 Rfb8 22.a4 R5b6
23.b5 c6 24.e5 cxb5 25.a5 R6b7 26.Bxb7 Rxb7 27.Rxc3 Bf8 28.Rc6 Nb8 29.Nc5 Nxc6
30.Nxb7 b4 31.f4 Ba2 32.Rd1 b3 33.Nc4 Bb4 34.e3 a6 35.Rd6 Bxd6 36.exd6 Bb1
37.d7 Kf8 38.Ne5 Ke7 39.Nxc6+ Kxd7 40.Nd4 Bc2 41.Nc5+ Kd6 42.Ndxb3  1-0

[Event "ch-NED"]
[Site "Leeuwarden NED"]
[Date "2003.07.03"]
[Round "7"]
[White "Janssen,R"]
[Black "Delemarre,J"]
[Result "1-0"]
[WhiteElo "2483"]
[BlackElo "2418"]

1.Nf3 d5 2.c4 d4 3.g3 c5 4.Bg2 Nc6 5.d3 e5 6.O-O Bd6 7.e3 h6 8.exd4 exd4
9.Re1+ Nge7 10.Nfd2 f5 11.Bxc6+ bxc6 12.f4 O-O 13.Nf3 Ng6 14.a4 Bd7 15.Ra2 Rb8
16.b3 Qb6 17.Rb2 Rfe8 18.Kf1 Rxe1+ 19.Kxe1 Nf8 20.Kd2 Nh7 21.Kc2 Nf6 22.Nbd2 Qb4
23.Kb1 Be8 24.Qe2 Bf7 25.Ne5 Re8 26.Ndf3 Bh5 27.Bd2 Qb7 28.Qf1 Qc8 29.h3 Nd7
30.Nxd7 Qxd7 31.Kc2 Qe6 32.Rb1 Qd7 33.Qg2 Qc8 34.Rg1 Rf8 35.g4 Be8 36.g5 h5
37.g6 Qd8 38.Ne5 Qf6 39.Qf3 Qh4 40.Be1 Qf6 41.Qxh5  1-0

[Event "WJun"]
[Site "Nakhchivan AZE"]
[Date "2003.07.03"]
[Round "13"]
[White "Agayev,N"]
[Black "Yilmaz,M"]
[Result "1/2-1/2"]
[WhiteElo "2116"]
[BlackElo "1941"]

1.Nf3 d5 2.c4 c6 3.cxd5 cxd5 4.d4 Nc6 5.Nc3 Bf5 6.Qb3 e6 7.Qxb7 Rc8 8.e3 Bd6
9.Bb5 Ne7 10.a3 O-O 11.Qa6 Bb8 12.Bd3 Bg4 13.Be2 Na5 14.O-O Nc4 15.Qa4 Nf5
16.Qd1 Bh5 17.g3 Bg6 18.Kg2  1/2-1/2

[Event "1st Stage Russian Cup"]
[Site "Tomsk RUS"]
[Date "2003.07.05"]
[Round "2"]
[White "Lysyj,I"]
[Black "Andreev,Af"]
[Result "0-1"]
[WhiteElo "2490"]
[BlackElo "2375"]

1.Nf3 d5 2.c4 c6 3.e3 Nf6 4.d4 Bg4 5.Qb3 Qb6 6.cxd5 Qxb3 7.axb3 Bxf3 8.gxf3 cxd5
9.b4 e6 10.b5 Bb4+ 11.Bd2 Bxd2+ 12.Kxd2 Nbd7 13.Nc3 Nb6 14.Bd3 Ke7 15.Ra3 Nc8
16.Na4 Rd8 17.Nc5 Rb8 18.Nb3 Kf8 19.Rc1 g6 20.e4 dxe4 21.fxe4 b6 22.Ke3 Rb7
23.h3 Ne7 24.Rca1 Rdd7 25.Nd2 Rdc7 26.Nf3 Nd7 27.Rc3 Rxc3 28.bxc3 Rc7 29.Ra3 f6
30.Bb1 Nc8 31.Ba2 Ke7 32.Kd3 Nd6 33.Rb3 g5 34.Rb1 h6 35.Ng1 Nxe4 36.Kxe4 Rxc3
37.d5 Nc5+ 38.Kd4 Rd3+ 39.Kc4 exd5+ 40.Kb4 Rd2 41.Bb3 Kd6 42.Nf3 Rxf2 43.Nd4 Rd2
44.Nf5+ Ke5 45.Ne7 Rd4+ 46.Kc3 Rd3+ 47.Kb4 Rxb3+ 48.Rxb3 Nxb3 49.Kxb3 h5
50.Kc3 Ke4 51.Ng8 d4+ 52.Kd2 Ke5 53.Ne7 g4 54.hxg4 hxg4 55.Kd3 g3 56.Nc6+ Kd5
57.Nxd4 g2  0-1